Les 10 jeux les plus joués de l'histoire - Statistiques

Statistiques générales
  • Ce quiz a été pris 116 fois
  • Le résultat moyen est 3 sur 10
Statistiques - réponses
Classement Réponse % Correct
N°1 Monopoly
87%
N°6 Uno
66%
N°3 Échecs
59%
N°4 Cluedo
34%
N°2 Scrabble
25%
N°8 Trivial Pursuit
20%
N°5 Risk
16%
N°7 Catan
2%
N°10 Les Aventuriers du Rail
2%
N°9 Mahjong
1%
Aucun quiz correspondant
Distribution des résultats
% des personnes avec chaque résultat
Percentile par nombre de réponses
Votre historique - résultats
Vous n’avez pas pris ce quiz